MARC

LEADER 00000nam0a2200000 4500
001 69706
005 20231031080034.0
035 |a (RuTPU)RU\TPU\book\74211 
090 |a 69706 
100 |a 20041030d1972 km y0rusy50 ca 
101 0 |a rus 
102 |a RU 
105 |a a z 001zy 
200 1 |a Радиационно-стимулированная диффузия в металлах  |f А. М. Шалаев 
210 |a Москва  |c Атомиздат  |d 1972 
215 |a 147 с.  |c ил. 
320 |a Библиогр.: с. 139-146 
610 1 |a металлообработка 
610 1 |a металлы 
610 1 |a сплавы 
610 1 |a радиационное воздействие 
610 1 |a кристаллические решетки 
610 1 |a дефекты 
610 1 |a излучение 
610 1 |a энергия 
610 1 |a поглощение 
610 1 |a радиационностимулированная диффузия 
610 1 |a электронная структура 
610 1 |a метастабильные твердые растворы 
610 1 |a распад 
610 1 |a неравновесные металлические системы 
675 |a 621.7м.01:53  |v 3 
700 1 |a Шалаев  |b А. М.  |g Анатолий Михайлович 
801 1 |a RU  |b 63413507  |c 20041030  |g PSBO 
801 2 |a RU  |b 63413507  |c 20160530  |g PSBO 
900 |a Взаимодействие частиц с веществом 
942 |c BK